Renewable energy progress in Scotland (Record no. 117626)
[ view plain ]
| 000 -LEADER | |
|---|---|
| fixed length control field | 01069cam a2200253 4500 |
| 001 - CONTROL NUMBER | |
| control field | WB4025-09 |
| 008 - FIXED-LENGTH DATA ELEMENTS--GENERAL INFORMATION | |
| fixed length control field | 040630n2004 000 0 eng u |
| 035 ## - SYSTEM CONTROL NUMBER | |
| System control number | (Sirsi) u126656 |
| 245 ## - TITLE STATEMENT | |
| Title | Renewable energy progress in Scotland |
| 260 ## - PUBLICATION, DISTRIBUTION, ETC. | |
| Date of publication, distribution, etc. | 2004 |
| 490 ## - SERIES STATEMENT | |
| Series statement | Scottish Executive Press Release |
| Volume/sequential designation | (SEel357) 30 June 2004 (2) |
| 520 ## - SUMMARY, ETC. | |
| Summary, etc. | The report "Renewable energy in Scotland" has recently been published by Scottish Parliament's Enterprise and Culture Committee. Charts the progress towards developing a mix of renewable energy sources to meet a target of 40% of electricity generated in Scotland from renewable energy sources by 2020. The report is available at http://www.scottish.parliament.uk/enterprise/repor ts/elr04-06-01.htm. http://www.scotland.gov.uk/pages/news/2004/06/SEel 357.aspx |
| 590 ## - LOCAL NOTE (RLIN) | |
| Local note | WB |
| 590 ## - LOCAL NOTE (RLIN) | |
| Local note | WB |
| 650 ## - SUBJECT ADDED ENTRY--TOPICAL TERM | |
| Topical term or geographic name entry element | RENEWABLE ENERGY |
| 650 ## - SUBJECT ADDED ENTRY--TOPICAL TERM | |
| Topical term or geographic name entry element | SCOTLAND |
| 650 ## - SUBJECT ADDED ENTRY--TOPICAL TERM | |
| Topical term or geographic name entry element | WIND POWER |
| 650 ## - SUBJECT ADDED ENTRY--TOPICAL TERM | |
| Topical term or geographic name entry element | TIDAL POWER |
| 650 ## - SUBJECT ADDED ENTRY--TOPICAL TERM | |
| Topical term or geographic name entry element | WAVE POWER |
| 650 ## - SUBJECT ADDED ENTRY--TOPICAL TERM | |
| Topical term or geographic name entry element | SOLAR POWER |
| 650 ## - SUBJECT ADDED ENTRY--TOPICAL TERM | |
| Topical term or geographic name entry element | BIOMASS |
| 690 ## - LOCAL SUBJECT ADDED ENTRY--TOPICAL TERM (OCLC, RLIN) | |
| Topical term or geographic name as entry element | ENERGY |
| 9 (RLIN) | 6237 |
| 942 ## - ADDED ENTRY ELEMENTS (KOHA) | |
| Suppress in OPAC | 0 |
| Withdrawn status | Lost status | Source of classification or shelving scheme | Damaged status | Not for loan | Home library | Current library | Shelving location | Date acquired | Total Checkouts | Full call number | Barcode | Date last seen | Copy number | Price effective from | Koha item type |
|---|---|---|---|---|---|---|---|---|---|---|---|---|---|---|---|
| Dewey Decimal Classification | London | London | News article | 30/06/2004 | WB4025-09 | 126656-1001 | 06/08/2019 | 1 | 06/08/2019 | News article |